000 01515nam a22001577a 4500
005 20260623115924.0
020 _a9781538777084
082 _a352.23
100 _aJean-Pierre, Karine.
245 _aIndependent
_ba look inside a broken White House, outside the party lines
260 _aBoston
_bLegacy Lit
_c2025
300 _a175p.
_b24 cm
520 _aIn this book, Karine Jean-Pierre, former White House press secretary, reflects on her decision to identify as an Independent after years of work within Democratic administrations. Drawing on her experiences in national politics, she describes the period leading up to President Biden's withdrawal from his reelection campaign and discusses her perspective on internal dynamics within the party. Jean-Pierre explores the role of political identity in the United States and encourages readers to consider their own values when engaging with the political process. She addresses issues related to misinformation in recent elections and offers her viewpoint on how individuals might navigate a highly polarized environment. Combining personal narrative with political analysis, the book examines the growing number of voters who do not align strictly with major parties and presents questions intended to help readers assess their own political positions. Jean-Pierre's account reflects on broader themes of civic engagement, democratic participation, and the evolving nature of the American electorate
650 _aParty affiliation-United States
942 _cBK
999 _c11510
_d11510